|
|
|
|
| LEADER |
01005cam a2200289 7i4500 |
| 001 |
0000011280 |
| 005 |
20200505090000.0 |
| 008 |
200505s2000 mnua ### #00001eng## |
| 020 |
# |
# |
|a 0736802754
|
| 040 |
# |
# |
|a UMT
|
| 090 |
0 |
0 |
|a HQ 76.26
|b .E5 2000
|
| 100 |
1 |
# |
|a Endersbe, Julie K.
|e author
|
| 245 |
1 |
0 |
|a Homosexuality :
|b what does it mean?
|c Julie Endersbe ; consultant, Simon Rosser.
|
| 264 |
# |
1 |
|a Mankato, Minn.:
|b LifeMatters,
|c 2000.
|
| 300 |
# |
# |
|a 64 pages:
|b colour illustration;
|c 24 cm.
|
| 336 |
# |
# |
|a text
|2 rdacontent
|
| 337 |
# |
# |
|a unmediated
|2 rdamedia
|
| 338 |
# |
# |
|a volume
|2 rdacarrier
|
| 490 |
1 |
# |
|a Perspectives on healthy sexuality
|
| 504 |
# |
# |
|a Includes bibliographical references and index
|
| 590 |
# |
# |
|a Perpustakaan Sultanah Nur Zahirah
|
| 650 |
0 |
0 |
|a Homosexuality
|
| 650 |
0 |
0 |
|a Gay youth
|
| 650 |
0 |
0 |
|a Teenagers --
|x Sexual behavior
|
| 650 |
0 |
0 |
|a Coming out (Sexual orientation)
|
| 830 |
# |
0 |
|a Perspectives on healthy sexuality
|
| 999 |
|
|
|a 1000402806
|b Book
|c Open Shelf
|e KOLEKSI TERBUKA
|